US States - Click Chain by Borders on a Map - Statistics

General Stats
  • This quiz has been taken 479 times
  • The average score is 37 of 48
Answers on the Map
Answers color-coded by a green-red scale on the quiz's map according to % correct below.
 
Answer Stats
Answer % Correct
Maine
96%
V
86%
C
85%
P
85%
M
83%
N
83%
N
83%
I
81%
K
81%
M
81%
R
81%
I
80%
N
80%
W
80%
M
79%
O
79%
M
78%
K
77%
M
77%
S
77%
T
77%
C
76%
D
76%
G
76%
I
76%
I
76%
N
76%
N
76%
O
76%
S
76%
W
76%
W
76%
A
75%
L
75%
N
75%
O
75%
A
74%
C
74%
F
74%
M
74%
N
74%
N
74%
T
74%
A
73%
W
73%
U
71%
V
70%
M
63%
No matching quizzes found
Score Distribution
Percent of People with Each Score
Percentile by Number Answered
Your Score History
You have not taken this quiz